|
|
|
|
| LEADER |
00000nam a2200000Ii 4500 |
| 001 |
DIGCOLMX0054 |
| 003 |
NyNyDIG |
| 007 |
cr ||||||||||| |
| 008 |
211113s2019 mx ach ob 000 0 spa d |
| 006 |
m o d |
| 035 |
|
|
|a (OCoLC)1126671545
|
| 040 |
|
|
|a DGITA
|b eng
|e rda
|e pn
|c DGITA
|
| 020 |
|
|
|a 9786076289426
|q eBook
|
| 020 |
|
|
|z 9786076286043
|
| 043 |
|
|
|a n-mx---
|
| 050 |
1 |
4 |
|a KGF135.A43 ebook
|
| 082 |
1 |
4 |
|a 345.720288
|
| 100 |
1 |
|
|a Speckman Guerra, Elisa,
|e author.
|
| 245 |
1 |
4 |
|a "El derecho a vivir como una mujer amante y amada" :
|b Nydia Camargo, su crimen y su juicio : (México, década de 1920) /
|c Elisa Speckman Guerra.
|
| 250 |
|
|
|a Primera edición electrónica.
|
| 264 |
|
1 |
|a Ciudad de México :
|b El Colegio de México, Centro de Estudios Históricos,
|c 2019.
|
| 300 |
|
|
|a 1 online resource :
|b illustrations, facsimiles, portraits.
|
| 336 |
|
|
|a text
|b txt
|2 rdacontent
|
| 337 |
|
|
|a computer
|b c
|2 rdamedia
|
| 338 |
|
|
|a online resource
|b cr
|2 rdacarrier
|
| 347 |
|
|
|a text file
|2 rdaft
|
| 347 |
|
|
|b EPUB
|
| 490 |
1 |
|
|a La aventura de la vida cotidiana. Historia-Investigación
|
| 504 |
|
|
|a Includes bibliographical references.
|
| 588 |
0 |
|
|a Online resource; title from ePub title page (Digitalia, viewed November 13, 2021)
|
| 600 |
1 |
0 |
|a Camargo, Nydia
|x Trials, litigation, etc.
|
| 650 |
|
0 |
|a Trials (Murder)
|z Mexico
|z Mexico City
|x History
|y 20th century.
|
| 655 |
|
0 |
|a Electronic books.
|
| 791 |
2 |
|
|a Digitalia (Firm),
|e distributor.
|
| 793 |
0 |
|
|g Digitalia eBook Collection:
|a El Colegio de México
|
| 776 |
0 |
8 |
|i Print version:
|a Speckman Guerra, Elisa.
|t Derecho a vivir como una mujer amante y amada.
|b Primera edición.
|d Ciudad de México : El Colegio de México, Centro de Estudios Históricos, 2019
|z 9786076286043
|
| 830 |
|
0 |
|a Colección La aventura de la vida cotidiana.
|p Historia-investigación.
|
| 856 |
4 |
0 |
|3 Digitalia Hispánica
|u https://www.digitaliapublishing.com/a/102665/
|
| 910 |
|
|
|a Premium collection: 2021
|